The Arab world : past, present, and future /

محفوظ في:

المؤلف الرئيسي: Abu Izzeddin, Nejla M. (مؤلف)

مؤلفون آخرون: Hocking, William Ernest, 1873-1966

التنسيق: كتاب

اللغة: English

منشور في: Chicago : H. Regnery Co., 1953.

الموضوعات:

الوسوم: إضافة وسم

لا توجد وسوم, كن أول من يضع وسما على هذه التسجيلة!

رقم الطلب: DS49 .I9 1953

LEADER 00694nam a2200241I 4500
001 6539
003 OSt
005 20260310065009.0
008 130303s1953 ilua 000 0 eng d
010 |a 53009624 
040 |c ARCE Library 
043 |a aw----- 
050 4 |a DS49 .I9 1953 
100 1 |a Abu Izzeddin, Nejla M.,   |e author 
245 1 4 |a The Arab world :   |b past, present, and future /   |c Foreword by William Ernest Hocking. 
264 1 |a Chicago :   |b H. Regnery Co.,   |c 1953. 
300 |a 412 pages :   |b illustrations ;   |c 24 cm. 
650 0 |a Arabs. 
651 0 |a Middle East. 
700 1 |a Hocking, William Ernest,  |d 1873-1966,  |9 32130 
901 |a reviewed 
942 |c BK  |2 lcc 
999 |c 7937  |d 7937